000 00283nam a2200109Ia 4500
008 200302s9999 xx 000 0 und d
100 _aHelmut Jahn & Other
245 _aArchitecture Engineering
260 _bBirkhauser-Publishers for Architecture
260 _c2002
300 _a263 P.,
999 _c5211
_d5211